Statistics for World Capitals Containing G - Two Minute Sprint

Click here to take the quiz!

General Stats

  • This quiz has been taken 496 times
  • The average score is 18 of 35

Answer Stats

Capital% Correct
Guatemala City
78%
Georgetown
71%
Bangkok
70%
Gaborone
69%
Washington
69%
Tegucigalpa
66%
Wellington
66%
Algiers
62%
Zagreb
62%
Ashgabat
59%
Beijing
58%
Bogotá
58%
Baghdad
55%
Podgorica
53%
Santiago
53%
Managua
52%
Bangui
49%
Copenhagen
49%
St George's
49%
Pyongyang
48%
Riga
48%
Belgrade
44%
Luxembourg
44%
Prague
44%
Mogadishu
43%
Kigali
42%
Kingston
42%
Santo Domingo
42%
Singapore
40%
Bridgetown
39%
Ngerulmud
38%
Kingstown
37%
Bandar Seri Begawan
36%
Ouagadougou
35%
Lilongwe
32%

Score Distribution

Percentile by Number Answered

Percent of People with Each Score

Your Score History

You have not taken this quiz